Loading...

Burden of democracy /

Bibliographic Details
Main Author: Mehta, Pratap Bhanu
Format: Printed Book
Language:English
Published: New Delhi : Penguin Books, 2003.
LEADER 00606nam a2200157Ia 4500
008 150624b xxu||||| |||| 00| 0 eng d
020 |a 9780143030221 
082 |a 321.80954 
100 |a Mehta, Pratap Bhanu 
245 |a Burden of democracy /  |c Pratap Bhanu Mehta 
260 |a New Delhi :  |b Penguin Books,  |c 2003. 
300 |a 178 p. 
505 |a 1. Democracy and the politics of self respect 2. New culture of inequality 3. State and democracy 
942 |c BK 
999 |c 58253  |d 58253 
952 |0 1  |1 4  |4 0  |6 321_809540000000000_MEH_B  |7 0  |9 58231  |a UL  |b UL  |c ST1  |d 2012-10-27  |l 0  |o 321.80954 MEH/B  |p 83699  |r 2012-10-27  |w 2012-10-27  |y BK